| 000 | 00679nam a2200169 i 4500 | ||
|---|---|---|---|
| 001 | 7228 | ||
| 003 | ES-MaACL | ||
| 005 | 20230906145204.0 | ||
| 008 | 901025s1835 sp |||| | spa d | ||
| 080 | _a347.97/99(46)"1835" | ||
| 110 | 1 |
_aEspaña. _bMinisterio de Gracia y Justicia. _93873 |
|
| 245 | 1 | 1 |
_a[Ordenanzas para todas las Audiencias de la Península é Islas adyacentes _b: mandadas observar por Rl. decreto de 19 de Diciembre de 1835]. |
| 260 |
_a[Madrid : _bs.n., _c1835?] |
||
| 300 |
_a[31] p. ; _c28 cm. |
||
| 596 | _aTítulo y datos de publicación tomados del texto, ejemplar sin portada. | ||
| 852 |
_aES-MaACL _jR-2659(4) Olim:T-50-F _z- Enc. en un vol. facticio |
||
| 999 |
_c7228 _d7228 |
||